Documenting heritage awards 2022 (Record no. 13029)

000 -LEADER
fixed length control field 00640 a2200217 4500
003 - CONTROL NUMBER IDENTIFIER
control field OSt
005 - DATE AND TIME OF LATEST TRANSACTION
control field 20250129170850.0
008 - FIXED-LENGTH DATA ELEMENTS--GENERAL INFORMATION
fixed length control field 250129b ||||| |||| 00| 0 eng d
020 ## - INTERNATIONAL STANDARD BOOK NUMBER
International Standard Book Number 9789384204228
040 ## - CATALOGING SOURCE
Original cataloging agency BMSCA
041 ## - LANGUAGE CODE
Language code of text/sound track or separate title eng
082 ## - DEWEY DECIMAL CLASSIFICATION NUMBER
Edition number 23
Classification number 720.288
Item number DES
110 ## - MAIN ENTRY--CORPORATE NAME
Corporate name or jurisdiction name as entry element MKSSS's Dr. Bhanuben Nanavati College of Architecture For WomenBNCA Campus, Karve Nagar,Pune
245 ## - TITLE STATEMENT
Title Documenting heritage awards 2022
260 ## - PUBLICATION, DISTRIBUTION, ETC. (IMPRINT)
Place of publication, distribution, etc New Delhi
Name of publisher, distributor, etc Council of Architecture (COA)
Date of publication, distribution, etc 2023
300 ## - PHYSICAL DESCRIPTION
Extent 99 pages
Other physical details color
Dimensions 20 cm
700 ## - ADDED ENTRY--PERSONAL NAME
Personal name Deshpande, Jayashree
700 ## - ADDED ENTRY--PERSONAL NAME
Personal name Kashyap, Anurag
700 ## - ADDED ENTRY--PERSONAL NAME
Personal name Latkar, Vaishali
942 ## - ADDED ENTRY ELEMENTS (KOHA)
Source of classification or shelving scheme
Holdings
Withdrawn status Lost status Source of classification or shelving scheme Damaged status Koha normalized classification for sorting Not for loan Collection code Permanent location Current location Date acquired Source of acquisition Cost, normal purchase price Full call number Barcode Date last seen Cost, replacement price Price effective from Koha item type
        720_288000000000000_DES Not For Loan COA Books BMS College of Architecture, Design and Planning BMS College of Architecture, Design and Planning 2025-02-06 8 1710.00 720.288 DES AR-UG4723 2025-02-06 2850.00 2025-02-06 UG Books
        720_288000000000000_DES   COA Books BMS College of Architecture, Design and Planning BMS College of Architecture, Design and Planning 2025-02-06 8 1710.00 720.288 DES AR-UG4724 2025-02-06 2850.00 2025-02-06 UG Books
Copyright © 2025, The Librarian, Library and Information Centre, BMSCA D&P, Bengaluru. All Rights Reserved
web counter

Powered by Koha